| 000 | 00830nam0a22002411 4500 | ||
|---|---|---|---|
| 001 | rc\291592 | ||
| 005 | 20250621022402.0 | ||
| 010 |
_a5-7561-0294-9 _915000 |
||
| 035 | _a(NLR Aleph) 005522850 | ||
| 090 |
_a5526737 _c5526737 |
||
| 100 | _a20030307d1990 |||y0rusy50 ca | ||
| 101 | 0 | _arus | |
| 102 | _aRU | ||
| 105 | _aa ||||||||| | ||
| 200 | 1 |
_aЛесной дедушка _eСказки и рассказы _e[Для дошк. и мл. шк. возраста] _fСтанислав Брейэр _g[Худож. Т. Трегубович] |
|
| 210 |
_aКраснодар _cКн. изд-во _d1990 |
||
| 215 |
_a78, [2] с. _cил. _d20 |
||
| 700 | 1 |
_aБрейэр _bС.В. _gСтанислав Владимирович |
|
| 801 | 0 |
_aRU _bNLR _gpsbo |
|
| 801 | 1 |
_aRU _bELAR _2rusmarc |
|
| 852 |
_aNLR _j90-4/12132 |
||
| 942 | _cBOOK | ||
| 980 | _aNB | ||